| 000 -LEADER |
| fixed length control field |
00551nam a22001577a 4500 |
| 020 ## - INTERNATIONAL STANDARD BOOK NUMBER |
| ISBN |
9786214183166 |
| 082 ## - DEWEY DECIMAL CLASSIFICATION NUMBER |
| Classification number |
345.599 |
| Item number |
G9347 2023 |
| 100 ## - MAIN ENTRY--AUTHOR NAME |
| Personal name |
Guerrero, Brian B., author. |
| 245 ## - TITLE STATEMENT |
| Title |
Introduction to Philippine criminal justice system / Atty. Brian B. Guerrero, RCrim., MPA. |
| 250 ## - EDITION STATEMENT |
| Edition statement |
Second edition. |
| 260 ## - PUBLICATION, DISTRIBUTION, ETC. (IMPRINT) |
| Place of publication |
Quezon City : |
| Name of publisher |
Wiseman’s Books Trading, |
| Year of publication |
2023. |
| 300 ## - PHYSICAL DESCRIPTION |
| Number of Pages |
iii, 239 pages ; |
| Other physical details |
23 cm |
| 500 ## - GENERAL NOTE |
| General note |
Includes bibliographical references. |
| 650 ## - SUBJECT ADDED ENTRY--TOPICAL TERM |
| Topical Term |
Criminal justice, Administration of -- Philippines. |
| 942 ## - ADDED ENTRY ELEMENTS (KOHA) |
| Koha item type |
Books |